000 01995nam a2200397Ia 4500
001 dia_5703
003 CHAP
005 20240619134658.0
007 ta
008 220117s2008 mx abdofr 001 0 spa d
010 _a176716
040 _cCHAP
_amxchpua
_erda
090 _aT.C.455 P47 EIUPA 2008
245 1 0 _aEmpacadora de limón, San Jorge, S. A. de C. V. /
_ccoordinador Juan Pérez Barrón ; colaboradores Víctor Cruz Méndez...[et al.]
260 _aMéxico :
_bEl autor,
_c2008
300 _a60 hojas :
_bilustraciones, mapas, gráficas, diagramas, tablas, fotos +
_e1 CD-ROM
500 _a7° año Grupo 2 -- El disco contiene el reporte y planos.
502 _aViaje de Estudios
_b(EIUPA) --
_cUACh. Departamento de Ingeniería Agroindustrial,
_d2008
505 _a2 planos -- 1. Croquis de localización de la empacadora San Jorge, S. A. de C. V. -- 2. Distribución en planta de la empacadora San Jorge, S. A. de C. V.
650 1 3 _aLimones
_9148302
_2atg
650 1 3 _aCítricos
_924392
_2atg
650 1 3 _aEnvasado de alimentos
_9147758
_2atg
650 1 3 _aCitrus fruits
_9152026
_2atg
650 1 3 _aFood packing
_9148074
_2atg
650 1 3 _aLemons
_9148301
_2atg
700 1 _aPérez Barrón, Juan
_9148338
_ecoordinador
700 1 _aCruz Méndez, Víctor
_9159386
_ecolaborador
856 4 1 _uhttp://10.13.5.2/ve/TC455EIUPA/TC455EIUPA2008-PLANO-DISTRIBUCIONENPLANTADELAEMPACADORASANJORGE.pdf
_yDESCARGAR PLANO DISTRIBUCION EN PLANTA
856 4 1 _uhttp://10.13.5.2/ve/TC455EIUPA/TC455EIUPA2008-PLANO-CROQUISDELAEMPACADORA.pdf
_yDESCARGAR PLANO CROQUIS
856 4 1 _uhttp://10.13.5.2/ve/TC455EIUPA/TC455EIUPA2008-PLANO-CROQUISDELOCALIZACIONEMPACADORASANGEORGE.pdf
_yDESCARGAR PLANO CROQUIS DE LOCALIZACION
856 4 1 _uhttp://10.13.5.2/ve/TC455EIUPA/TC455EIUPA2008-REPORTE.pdf
_yDESCARGAR REPORTE
901 _aT.C.455 P47 EIUPA 2008
902 _aM
905 _a5232272008 mx edml8223123322spa16
942 _cVE
_2local
999 _c176716
_d176716